Defendiendo el futuro
| 1. VerfasserIn: | |
|---|---|
| Medienart: | Druck Buch |
| Sprache: | Spanisch |
| Veröffentlicht: |
Buenos Aires
Lestelle
c1994
|
| In: | Jahr: 1994 |
| Online-Zugang: |
Cover (Verlag) Inhaltsverzeichnis |
| Bestand in Tübingen: | In Tübingen vorhanden. UB: KB 8 E 7003 |
| Verfügbarkeit prüfen: | HBZ Gateway |
| Subito Bestelldienst: | Jetzt bestellen. |
| Schlagwörter: |
MARC
| LEADER | 00000cam a2200000 c 4500 | ||
|---|---|---|---|
| 001 | 486032701 | ||
| 003 | DE-627 | ||
| 005 | 20230428081559.0 | ||
| 007 | tu | ||
| 008 | 050510s1994 ag ||||| 00| ||spa c | ||
| 020 | |a 9504360025 |9 950-43-6002-5 | ||
| 035 | |a (DE-627)486032701 | ||
| 035 | |a (DE-576)058797041 | ||
| 035 | |a (DE-599)GBV486032701 | ||
| 035 | |a (OCoLC)33067933 | ||
| 035 | |a (OCoLC)33067933 | ||
| 040 | |a DE-627 |b ger |c DE-627 |e rakwb | ||
| 041 | |a spa | ||
| 044 | |c XD-AR | ||
| 050 | 0 | |a HV5840.A7 | |
| 100 | 1 | |a Lestelle, Alberto |4 aut | |
| 245 | 1 | 0 | |a Defendiendo el futuro |c Alberto Lestelle |
| 264 | 1 | |a Buenos Aires |b Lestelle |c c1994 | |
| 300 | |a 173 S |b Ill., Kt. |c 26 cm | ||
| 336 | |a Text |b txt |2 rdacontent | ||
| 337 | |a ohne Hilfsmittel zu benutzen |b n |2 rdamedia | ||
| 338 | |a Band |b nc |2 rdacarrier | ||
| 583 | 1 | |a Archivierung prüfen |c 20200919 |f DE-640 |z 1 |2 pdager | |
| 650 | 0 | |a Drug control |x Argentina | |
| 650 | 0 | |a Drug traffic |x Argentina | |
| 650 | 0 | |a Drug traffic |x South America | |
| 856 | 4 | 2 | |u http://www.gbv.de/dms/spk/iai/toc/486032701.pdf |m V:DE-601 |m B:DE-204 |q application/pdf |v 2016-08-08 |x Verlag |y Inhaltsverzeichnis |3 Inhaltsverzeichnis |7 1 |
| 856 | 4 | 2 | |u http://www.gbv.de/dms/spk/iai/cov/486032701.jpg |m V:DE-601 |m B:DE-204 |v 2016-08-08 |x Verlag |3 Cover |7 1 |
| 951 | |a BO | ||
| ELC | |b 1 | ||
| LOK | |0 000 xxxxxcx a22 zn 4500 | ||
| LOK | |0 001 318342732X | ||
| LOK | |0 003 DE-627 | ||
| LOK | |0 004 486032701 | ||
| LOK | |0 005 19970505000000 | ||
| LOK | |0 008 970505||||||||||||||||ger||||||| | ||
| LOK | |0 040 |a DE-21 |c DE-627 |d DE-21 | ||
| LOK | |0 852 |a DE-21 | ||
| LOK | |0 852 1 |c KB 8 E 7003 |9 00 | ||
| LOK | |0 935 |a krim | ||
| LOK | |0 936ln |a k9.7.3.2 | ||
| LOK | |0 939 |a 05-05-97 |b l01 | ||
| ORI | |a SA-MARC-krimdoka001.raw | ||
| SIG | |a UB: KB 8 E 7003 | ||
